[Event "FRA-ch U08 Girls"]
[Site "Le Grand Bornand"]
[Date "2007.04.??"]
[Round "5"]
[White "Salzinger, Maelle"]
[Black "Adam, Catherine"]
[Result "1-0"]
[WhiteElo "1009"]
[BlackElo "1009"]
[PlyCount "27"]
[EventDate "2007.04.07"]
[EventType "swiss"]
[EventRounds "9"]
[EventCountry "FRA"]
[SourceTitle "CBM 118 Extra"]
[Source "ChessBase"]
[SourceDate "2007.07.04"]
[SourceVersion "1"]
[SourceVersionDate "2007.07.04"]
[SourceQuality "1"]

1. e4 c5 2. c3 e5 3. Nf3 Nc6 4. Bb5 Bd6 5. Bxc6 dxc6 6. h3 Nf6 7. d3 0-0 8. 0-0 h6 9. Be3 Be6 10. Nbd2 Qc8 11. d4 Bxh3 12. gxh3 Qxh3 13. dxe5 Be7 14. exf6 1-0